000 00756nam a2200241Ia 4500
003 OSt
005 20220927105637.0
006 a|||||r|||| 00| 0
007 ta
008 220926b |||||||| |||| 00| 0 eng d
020 _a8120401182
024 _a179436
037 _cReference Collections
040 _aRTL
_cRTL
_beng
041 _2eng
_aeng
082 _a"X9(J):77.2.N86, M6/SC"
100 _a"DANTWALA M L, and others"
_9373870
245 0 _aIndian agricultural development since independence.
260 _aNew
_bDelhi Oxford & IBH Publishing Co.
_c1986
300 _a"viii,519p."
_ccm.
942 _h"X9(J):77.2.N86, M6/SC"
_cCC
999 _c693578
_d693578